Život a zvyky slovanských národů

Bibliographic Details
Main Author: Růžička, Josef, 1880-1954 (Author)
Format: Book
Language:Czech
PhysicalDescription:420 s. ilustrácie 26 cm
Published: Praha expeduje knihkupectví a nakladatelství Gustav Petrů [mezi 1924 a 1941]
Edition:2. vyd.
Subjects:

MARC

LEADER 00000cam a2200000 a 4500
001 vtls008481466
003 SK-MaSNL
005 20260301123814.0
008 202510q1924 xr a gr 000 0 cze
015 |a SNBA1924 
040 |a SNK  |b slo  |c SNK  |e AACR2 
041 0 |a cze 
044 |a xr  |c CZ 
072 7 |a 39  |x Etnológia. Etnografia. Folklór  |2 konspekt 
080 |a 257.7  |2 2011 
080 |a 39  |2 2011 
080 |a (048.8)  |2 2011 
100 1 |a Růžička, Josef,  |d 1880-1954  |4 aut  |9 153131 
245 1 0 |a Život a zvyky slovanských národů  |c Josef Růžička 
246 1 |a V záhlaví tlačová norma:  |a Slovanská mythologie 
250 |a 2. vyd. 
260 |a Praha  |b expeduje knihkupectví a nakladatelství Gustav Petrů  |c [mezi 1924 a 1941] 
300 |a 420 s.  |b ilustrácie  |c 26 cm 
650 0 7 |a slovanská mytológia  |2 SNKPH  |9 66207 
650 0 7 |a zvyky a obyčaje  |2 SNKPH  |9 4086 
650 0 7 |a Slavic mythology  |2 SNKPHeng  |9 322442 
650 0 7 |a Manners and customs  |2 SNKPHeng  |9 312766 
655 7 |a štúdie  |2 SNKPH  |9 57033 
655 7 |a Studies  |2 SNKPHeng  |9 265573 
852 |a Slovenská národná knižnica 
954 |a odborná, vedecká literatúra cudzojazyčná (svetová)  |2 lita 
999 |c 737513  |d 739443 
952 |a SNK  |b SNK  |y VYP  |7 0  |p 17A0498030  |o snkIB 10865 D1  |i snkK 613/62  |0 0  |1 1  |4 0  |d 2006-02-16  |l 0  |r 2026-02-23 22:48:57  |w 2026-02-23 
952 |a SNK  |b SNK  |y VYP  |7 0  |p 17A0498009  |o snkIB 10865  |i snkK 987/61  |0 0  |1 0  |4 0  |d 2006-02-16  |l 0  |r 2026-02-23 22:48:57  |w 2026-02-23